[Event "17. Sparkassen Open 2018 - Gruppe A"]
[Site "Forchheim"]
[Date "2018.09.22"]
[Round "3.27"]
[White "Drivas, Stefanos"]
[Black "Siegl, Melina"]
[Result "0-1"]
[WhiteElo "1955"]
[BlackElo "2019"]
[PlyCount "170"]
[EventDate "2018.??.??"]
[BlackTeam "SW Nürnberg Süd"]

1. Nf3 d6 2. d4 g6 3. g3 Bg7 4. Bg2 Nf6 5. O-O O-O 6. c4 Nbd7 7. Nc3 c5 8. e3
a6 9. a4 Qc7 10. b3 b6 11. Bb2 Bb7 12. Rc1 e6 13. Qe2 Ne4 14. Nxe4 Bxe4 15.
Rfd1 Qb7 16. Ne1 Bxg2 17. Nxg2 Nf6 18. Ne1 Rfd8 19. Qf3 Ne4 20. Ba1 d5 21. Nd3
dxc4 22. bxc4 cxd4 23. Bxd4 Bxd4 24. exd4 Rxd4 25. Ne5 Rad8 26. Re1 f5 27. Qb3
Qc7 28. f4 Nd2 29. Qe3 Ne4 30. Rb1 R8d6 31. Rec1 Nd2 32. Rb2 Nxc4 33. Qf3 Qc5
34. Rf2 R6d5 35. Kg2 b5 36. axb5 axb5 37. Qb3 Rd2 38. Rxd2 Rxd2+ 39. Kh3 Qf8
40. Nf3 Qh6+ 41. Nh4 Qh5 42. Qf3 Qxf3 43. Nxf3 Rd6 44. Kg2 Ne3+ 45. Kf2 Nd5 46.
Rb1 b4 47. Ne5 Rb6 48. Rb3 Kg7 49. Ke2 Ra6 50. Kd3 Ra2 51. h4 Rg2 52. Kc4 Rc2+
53. Kd3 Rc3+ 54. Rxc3 bxc3 55. Nd7 Kf7 56. Nc5 Kf6 57. Nd7+ Ke7 58. Ne5 Kd6 59.
Nf7+ Ke7 60. Ng5 h6 61. Nf3 Kf6 62. Ne5 g5 63. hxg5+ hxg5 64. Nd7+ Ke7 65. Ne5
gxf4 66. gxf4 Nxf4+ 67. Kxc3 Kd6 68. Nc4+ Kd5 69. Nb6+ Ke4 70. Kd2 Nd5 71. Nd7
e5 72. Ke2 Kd4 73. Nf8 e4 74. Ne6+ Ke5 75. Ng5 f4 76. Nf7+ Kd4 77. Ng5 Nc3+ 78.
Kf2 Kd3 79. Ne6 e3+ 80. Kf3 Nd5 81. Nc5+ Kd2 82. Nb3+ Kc2 83. Nd4+ Kd3 84. Ne2
Kd2 85. Nd4 Nc3 0-1

[Event "17. Sparkassen Open 2018 - Gruppe A"]
[Site "Forchheim"]
[Date "2018.09.22"]
[Round "3.28"]
[White "Ulusoy, Tolga"]
[Black "Schreiter, Thomas"]
[Result "1-0"]
[WhiteElo "2069"]
[BlackElo "2022"]
[PlyCount "117"]
[EventDate "2018.??.??"]
[WhiteTeam "SC Noris-Tarrasch Nürnberg"]
[BlackTeam "SG Leipzig"]

1. e4 e6 2. d4 d5 3. Nc3 Nf6 4. Bg5 Bb4 5. e5 h6 6. Bd2 Bxc3 7. bxc3 Ne4 8. Qg4
g6 9. Nf3 Qe7 10. Bd3 Nxd2 11. Kxd2 c5 12. h4 c4 13. Be2 Nc6 14. Qf4 Bd7 15.
Qf6 O-O-O 16. Qxe7 Nxe7 17. Nh2 Bc6 18. g4 Rdg8 19. Nf1 Kd7 20. Ne3 Nc8 21.
Raf1 Ke7 22. f4 Nb6 23. Rf2 Nd7 24. Rhf1 f5 25. exf6+ Nxf6 26. Bf3 h5 27. g5
Ne8 28. f5 gxf5 29. Ng2 Nd6 30. Ke3 Nb5 31. Kd2 Nd6 32. Nf4 Be8 33. Re2 Ne4+
34. Bxe4 fxe4 35. Ke3 Kd6 36. Ref2 Rf8 37. g6 Rf5 38. Rg1 Rg8 39. Rfg2 Ke7 40.
Rg5 Rf6 41. Rxh5 Bxg6 42. Re5 Kf7 43. Reg5 Bh7 44. a4 Rh6 45. Rxg8 Bxg8 46. h5
Rh7 47. a5 Kf8 48. Ng6+ Ke8 49. Nf4 Bf7 50. Rb1 Bg8 51. Ng6 b6 52. axb6 axb6
53. Nf4 Rb7 54. Ra1 Kf7 55. Rg1 Bh7 56. h6 Kf6 57. Nh5+ Kf5 58. Ng7+ Kf6 59.
Ne8+ 1-0